[Event "Mittelfranken-chTB1 1819"]
[Site "Mittelfranken"]
[Date "2019.04.28"]
[Round "9.4"]
[White "Vielsaecker, Dirk"]
[Black "Leising, Thomas"]
[Result "1/2-1/2"]
[WhiteElo "1912"]
[BlackElo "1913"]
[PlyCount "64"]
[EventDate "2018.10.14"]
[EventType "team-tourn"]
[EventRounds "9"]
[EventCountry "GER"]
[SourceTitle "EXT 2022"]
[Source "ChessBase"]
[SourceDate "2021.10.06"]
[SourceVersion "1"]
[SourceVersionDate "2021.10.06"]
[SourceQuality "1"]
[WhiteTeam "Lauf SV"]
[BlackTeam "Nuernberg SK 1911"]
[WhiteTeamCountry "GER"]
[BlackTeamCountry "GER"]

1. d4 Nf6 2. c4 e6 3. g3 c5 4. Nf3 cxd4 5. Nxd4 Bb4+ 6. Bd2 Bxd2+ 7. Nxd2 Qb6 8. N4b3 Na6 9. Bg2 0-0 10. Rc1 d6 11. 0-0 Bd7 12. e4 Rfd8 13. Qe2 Bc6 14. Rfd1 Rac8 15. Nf1 Nb4 16. Ra1 Nxa2 17. Rxa2 Qxb3 18. Rxa7 Bxe4 19. Bxe4 Nxe4 20. Ne3 Nc5 21. Ra5 Qb6 22. Rb5 Qc6 23. Nc2 Ne4 24. Nd4 Qxc4 25. Qxe4 e5 26. Rxb7 exd4 27. Rxd4 Qc1+ 28. Kg2 Qc6 29. Qd5 Qxd5+ 30. Rxd5 g6 31. Rb6 Rc2 32. b4 Rb2 1/2-1/2

[Event "Mittelfranken-chTB1 1819"]
[Site "Mittelfranken"]
[Date "2019.03.31"]
[Round "8.3"]
[White "Bock, Helmar"]
[Black "Leising, Thomas"]
[Result "1-0"]
[WhiteElo "2041"]
[BlackElo "1913"]
[PlyCount "105"]
[EventDate "2018.10.14"]
[EventType "team-tourn"]
[EventRounds "9"]
[EventCountry "GER"]
[SourceTitle "EXT 2022"]
[Source "ChessBase"]
[SourceDate "2021.10.06"]
[SourceVersion "1"]
[SourceVersionDate "2021.10.06"]
[SourceQuality "1"]
[WhiteTeam "Herzogenaurach II"]
[BlackTeam "Nuernberg SK 1911"]
[WhiteTeamCountry "GER"]
[BlackTeamCountry "GER"]

1. d4 Nf6 2. Nc3 d5 3. Bf4 e6 4. e3 Be7 5. Bd3 0-0 6. h4 c5 7. Nf3 a6 8. a4 b6 9. Ne5 Bb7 10. Qf3 Nbd7 11. h5 c4 12. Be2 Nxe5 13. Bxe5 Qd7 14. Rh3 Ne8 15. Qg3 f6 16. Bf4 Bd6 17. e4 Bxf4 18. Qxf4 Qd6 19. Qe3 Rd8 20. Rg3 Rd7 21. Kf1 Rdf7 22. Kg1 f5 23. exf5 exf5 24. Rg5 Re7 25. Qd2 Qf6 26. Bf3 Nc7 27. Rg3 Kh8 28. Rd1 f4 29. Rh3 Bc8 30. Rh1 Qf5 31. Kh2 g5 32. hxg6 hxg6 33. Kg1+ Kg7 34. Kf1 g5 35. Re1 Rfe8 36. Rxe7+ Rxe7 37. Rh5 Bd7 38. g4 Qf6 39. Kg2 Be8 40. Rh1 Qe6 41. Ne2 Bxa4 42. Ng3 Kg8 43. Nf5 Rh7 44. Re1 Qf6 45. Re5 Qh8 46. Kf1 c3 47. Qxc3 Bb5+ 48. Ke1 Bc4 49. b3 Rh1+ 50. Kd2 Qh2 51. bxc4 Rb1 52. Bxd5+ Kh8 53. Qa3 1-0

[Event "Mittelfranken-chTB1 1819"]
[Site "Mittelfranken"]
[Date "2019.03.17"]
[Round "7.3"]
[White "Leising, Thomas"]
[Black "Reinholz, Benjamin"]
[Result "0-1"]
[WhiteElo "1913"]
[BlackElo "1970"]
[PlyCount "52"]
[EventDate "2018.10.14"]
[EventType "team-tourn"]
[EventRounds "9"]
[EventCountry "GER"]
[SourceTitle "EXT 2022"]
[Source "ChessBase"]
[SourceDate "2021.10.06"]
[SourceVersion "1"]
[SourceVersionDate "2021.10.06"]
[SourceQuality "1"]
[WhiteTeam "Nuernberg SK 1911"]
[BlackTeam "Erlangen SC III"]
[WhiteTeamCountry "GER"]
[BlackTeamCountry "GER"]

1. d4 Nf6 2. Nf3 d5 3. e3 Bg4 4. Bd3 Nbd7 5. Nbd2 e5 6. dxe5 Nxe5 7. Be2 Nxf3+ 8. Bxf3 h5 9. c3 Qd7 10. h3 Bf5 11. Nb3 0-0-0 12. Qe2 g5 13. Nd4 Bg6 14. Qb5 c6 15. Qa4 Bc5 16. Bd2 g4 17. Be2 Ne4 18. h4 Rhe8 19. g3 Qe7 20. Rh2 Bb6 21. Nb3 a6 22. 0-0-0 c5 23. Be1 c4 24. Na1 Nc5 25. Qa3 Qe4 26. b4 Qb1+ 0-1

[Event "Mittelfranken-chTB1 1819"]
[Site "Mittelfranken"]
[Date "2019.03.03"]
[Round "6.3"]
[White "Boese, Klaus"]
[Black "Leising, Thomas"]
[Result "1/2-1/2"]
[WhiteElo "1930"]
[BlackElo "1913"]
[PlyCount "50"]
[EventDate "2018.10.14"]
[EventType "team-tourn"]
[EventRounds "9"]
[EventCountry "GER"]
[SourceTitle "EXT 2022"]
[Source "ChessBase"]
[SourceDate "2021.10.06"]
[SourceVersion "1"]
[SourceVersionDate "2021.10.06"]
[SourceQuality "1"]
[WhiteTeam "Bechhofen"]
[BlackTeam "Nuernberg SK 1911"]
[WhiteTeamCountry "GER"]
[BlackTeamCountry "GER"]

1. d4 Nf6 2. Bf4 d5 3. Nd2 e6 4. e3 Bd6 5. Bg3 0-0 6. Bd3 b6 7. Qe2 Bb7 8. Ngf3 c5 9. c3 Qe7 10. Ne5 Nbd7 11. Ndf3 Ne4 12. Nxd7 Qxd7 13. Ne5 Bxe5 14. Bxe5 f6 15. Bg3 f5 16. Be5 Nf6 17. h3 c4 18. Bc2 Qb5 19. b4 Ne4 20. Bxe4 dxe4 21. 0-0 Bd5 22. a4 Qd7 23. b5 a6 24. Qb2 a5 25. Qa3 Rad8 1/2-1/2

[Event "Regionalliga Nord-Ost 1718"]
[Site "Bayern"]
[Date "2018.03.18"]
[Round "8.3"]
[White "Roeder, Frank"]
[Black "Leising, Thomas"]
[Result "1-0"]
[WhiteElo "2162"]
[BlackElo "1924"]
[PlyCount "77"]
[EventDate "2017.10.22"]
[EventType "team-tourn"]
[EventRounds "9"]
[EventCountry "GER"]
[SourceTitle "EXT 2022"]
[Source "ChessBase"]
[SourceDate "2021.10.06"]
[SourceVersion "1"]
[SourceVersionDate "2021.10.06"]
[SourceQuality "1"]
[WhiteTeam "Altensittenbach"]
[BlackTeam "Nuernberg SK 1911"]
[WhiteTeamCountry "GER"]
[BlackTeamCountry "GER"]

1. e4 d6 2. d4 Nf6 3. Nc3 e5 4. Nf3 exd4 5. Nxd4 Be7 6. Be2 Nc6 7. 0-0 0-0 8. f4 Nxd4 9. Qxd4 c6 10. Be3 Ng4 11. Bxg4 Bxg4 12. f5 Bh5 13. g4 Bxg4 14. e5 Bh5 15. f6 dxe5 16. Qh4 Bxf6 17. Qxh5 g6 18. Qf3 Bg7 19. Bc5 e4 20. Nxe4 Bxb2 21. Rad1 Qa5 22. Bxf8 Rxf8 23. Rd7 Qxa2 24. Nf6+ Kg7 25. Nxh7 Kxh7 26. Rxf7+ Rxf7 27. Qxf7+ Qxf7 28. Rxf7+ Kh6 29. Rxb7 Bd4+ 30. Kg2 Bb6 31. Kf3 Kg5 32. Ke4 Kf6 33. Rb8 Bc7 34. Rc8 Bxh2 35. Rxc6+ Kg5 36. c4 Bg1 37. c5 Kh4 38. Rc7 g5 39. c6 1-0

[Event "Regionalliga Nord-Ost 1718"]
[Site "Bayern"]
[Date "2018.02.04"]
[Round "6.5"]
[White "Luessmann, Thomas"]
[Black "Leising, Thomas"]
[Result "1-0"]
[WhiteElo "2066"]
[BlackElo "1924"]
[PlyCount "121"]
[EventDate "2017.10.22"]
[EventType "team-tourn"]
[EventRounds "9"]
[EventCountry "GER"]
[SourceTitle "EXT 2022"]
[Source "ChessBase"]
[SourceDate "2021.10.06"]
[SourceVersion "1"]
[SourceVersionDate "2021.10.06"]
[SourceQuality "1"]
[WhiteTeam "Erlangen SC II"]
[BlackTeam "Nuernberg SK 1911"]
[WhiteTeamCountry "GER"]
[BlackTeamCountry "GER"]

1. d4 d5 2. c4 e6 3. Nc3 Nf6 4. cxd5 exd5 5. Bg5 Be7 6. Qc2 c6 7. e3 Nbd7 8. Bd3 h6 9. Bh4 0-0 10. Nge2 Re8 11. 0-0 Nf8 12. Rae1 Nh5 13. Bxe7 Rxe7 14. b4 Rc7 15. Qb3 Be6 16. f4 f5 17. Rf3 Nf6 18. Qb2 Ne4 19. Bb1 Nd6 20. Nc1 Qe7 21. Nd3 Nc4 22. Qf2 b6 23. a4 Nd7 24. Ba2 Nd6 25. Rc1 Ne4 26. Qb2 Rac8 27. Rff1 Kh7 28. b5 Nxc3 29. Rxc3 c5 30. Qa3 Bg8 31. Ne5 Nxe5 32. fxe5 g6 33. Rfc1 c4 34. Qb2 Kg7 35. Bb1 Qe6 36. Bc2 Bf7 37. Bd1 Kg8 38. Bf3 Kh7 39. g3 Qe7 40. Ra1 Qd7 41. Kf2 Rb8 42. Ke1 Kg8 43. Raa3 Kg7 44. Rc1 Kg8 45. Kd2 Kf8 46. Kc3 Be6 47. Rca1 Rcb7 48. R3a2 Kf7 49. Rb1 Qc7 50. Qg2 Qd7 51. Qh3 Kg7 52. Qg2 Kf7 53. h3 Rh8 54. g4 fxg4 55. hxg4 Kg7 56. Rf1 Qd8 57. e4 dxe4 58. Bxe4 Rd7 59. Rf6 Rxd4 60. Rxe6 Rd3+ 61. Kc2 1-0

[Event "Regionalliga Nord-Ost 1718"]
[Site "Bayern"]
[Date "2017.11.26"]
[Round "3.5"]
[White "Leising, Thomas"]
[Black "Schlaffer, Josef"]
[Result "1/2-1/2"]
[WhiteElo "1924"]
[BlackElo "1790"]
[PlyCount "96"]
[EventDate "2017.10.22"]
[EventType "team-tourn"]
[EventRounds "9"]
[EventCountry "GER"]
[SourceTitle "EXT 2022"]
[Source "ChessBase"]
[SourceDate "2021.10.06"]
[SourceVersion "1"]
[SourceVersionDate "2021.10.06"]
[SourceQuality "1"]
[WhiteTeam "Nuernberg SK 1911"]
[BlackTeam "Weiden"]
[WhiteTeamCountry "GER"]
[BlackTeamCountry "GER"]

1. d4 Nf6 2. Nf3 g6 3. b3 Bg7 4. Bb2 0-0 5. Nbd2 d6 6. e3 c6 7. Bd3 Nbd7 8. 0-0 a6 9. c4 b5 10. Qc2 Bb7 11. Rac1 Re8 12. e4 Nh5 13. Rfe1 e5 14. d5 cxd5 15. cxd5 Rc8 16. Qb1 Nc5 17. Bf1 Bh6 18. b4 Na4 19. Rxc8 Bxc8 20. Bc1 f5 21. Qb3 Nf6 22. Bd3 Qc7 23. Qc2 Qxc2 24. Bxc2 Nc3 25. a3 fxe4 26. Nxe4 Ncxe4 27. Bxh6 Nc3 28. Bb3 Bg4 29. Re3 Rc8 30. Bg5 Nfe4 31. Be7 Bxf3 32. gxf3 Nd2 33. Bxd6 Nxb3 34. Bxe5 Nc1 35. d6 Nd5 36. d7 Rd8 37. Re1 Nd3 38. Rd1 N5f4 39. Bc7 Ne2+ 40. Kf1 Rxd7 41. Kxe2 Rxc7 42. Rxd3 Rc6 43. f4 Kg7 44. Rd7+ Kf6 45. Rd3 Kf5 46. Kf3 Rc4 47. Rd5+ Ke6 48. Rd3 Kf5 1/2-1/2

[Event "Mittelfranken-chTB1 1617"]
[Site "Mittelfranken"]
[Date "2017.01.22"]
[Round "5.3"]
[White "Schoeller, Wolfgang"]
[Black "Leising, Thomas"]
[Result "0-1"]
[WhiteElo "1961"]
[BlackElo "1945"]
[PlyCount "84"]
[EventDate "2016.10.23"]
[EventType "team-tourn"]
[EventRounds "9"]
[EventCountry "GER"]
[SourceTitle "EXT 2022"]
[Source "ChessBase"]
[SourceDate "2021.10.06"]
[SourceVersion "1"]
[SourceVersionDate "2021.10.06"]
[SourceQuality "1"]
[WhiteTeam "Fuerth SF"]
[BlackTeam "Nuernberg SK 1911"]
[WhiteTeamCountry "GER"]
[BlackTeamCountry "GER"]

1. e4 c5 2. Nf3 d6 3. d4 cxd4 4. Nxd4 Nf6 5. f3 Nc6 6. c4 g6 7. Be3 Bg7 8. Qd2 0-0 9. Nc3 Bd7 10. Be2 a6 11. 0-0 Rc8 12. Rac1 Ne5 13. b3 Qc7 14. Rfd1 Rfd8 15. Bf1 Bc6 16. Qf2 Qb8 17. Rc2 Ned7 18. Rdc1 b6 19. Nd5 Nxd5 20. cxd5 Bb7 21. Nc6 Bxc6 22. dxc6 Nc5 23. b4 Rxc6 24. bxc5 bxc5 25. Bc4 Rb6 26. Qe2 Qa7 27. Bd2 Bd4+ 28. Kf1 Rdb8 29. Bc3 Bxc3 30. Rxc3 a5 31. Rb3 a4 32. Rb5 Rxb5 33. Bxb5 Qa5 34. Rb1 Qc3 35. Qd3 Qe5 36. g3 Qe6 37. a3 Qa2 38. Kg1 c4 39. Qd1 c3 40. Ra1 c2 41. Qc1 Qxa1 42. Qxa1 Rxb5 0-1

[Event "Mittelfranken-chTB1 1617"]
[Site "Mittelfranken"]
[Date "2016.11.27"]
[Round "3.2"]
[White "Leising, Thomas"]
[Black "Fiedler, Lars"]
[Result "1-0"]
[WhiteElo "1945"]
[BlackElo "1994"]
[PlyCount "55"]
[EventDate "2016.10.23"]
[EventType "team-tourn"]
[EventRounds "9"]
[EventCountry "GER"]
[SourceTitle "EXT 2022"]
[Source "ChessBase"]
[SourceDate "2021.10.06"]
[SourceVersion "1"]
[SourceVersionDate "2021.10.06"]
[SourceQuality "1"]
[WhiteTeam "Nuernberg SK 1911"]
[BlackTeam "Lauf SV"]
[WhiteTeamCountry "GER"]
[BlackTeamCountry "GER"]

1. d4 Nf6 2. Nf3 e6 3. e3 b6 4. Bd3 Bb7 5. Nbd2 c5 6. 0-0 Nc6 7. c3 Be7 8. Re1 d5 9. dxc5 bxc5 10. e4 0-0 11. e5 Nd7 12. Nf1 Qc7 13. Qe2 d4 14. Ng3 g6 15. Bh6 Rfe8 16. Rac1 Qa5 17. Bb1 Rad8 18. h4 dxc3 19. bxc3 c4 20. h5 Qa6 21. hxg6 hxg6 22. Nh5 Nc5 23. Nf6+ Bxf6 24. exf6 e5 25. Ng5 Nd3 26. Bg7 Qb6 27. Bxd3 cxd3 28. Qg4 1-0

[Event "Mittelfranken-chTB2a 1516"]
[Site "Mittelfranken"]
[Date "2016.04.17"]
[Round "9.3"]
[White "Leising, Thomas"]
[Black "Habermann, Manfred"]
[Result "1/2-1/2"]
[WhiteElo "1927"]
[BlackElo "1818"]
[PlyCount "64"]
[EventDate "2015.10.18"]
[EventType "team-tourn"]
[EventRounds "9"]
[EventCountry "GER"]
[SourceTitle "EXT 2020"]
[Source "ChessBase"]
[SourceDate "2019.10.17"]
[SourceVersion "1"]
[SourceVersionDate "2019.10.17"]
[SourceQuality "1"]
[WhiteTeam "Nuernberg SK 1911"]
[BlackTeam "Herzogenaurach III"]
[WhiteTeamCountry "GER"]
[BlackTeamCountry "GER"]

1. c4 e5 2. g3 Nc6 3. Bg2 Nf6 4. Nc3 Be7 5. d3 0-0 6. e4 d6 7. Nge2 Bd7 8. 0-0 Qc8 9. Bg5 Bh3 10. Bxf6 Bxf6 11. Nd5 Bd8 12. f4 Bxg2 13. Kxg2 f5 14. Qd2 Ne7 15. Ne3 Qe6 16. fxe5 fxe4 17. Rxf8+ Kxf8 18. Nf4 Qxe5 19. d4 Qf6 20. Rf1 Kg8 21. d5 Ng6 22. Ne6 Qe7 23. Nf5 Qd7 24. Nfxg7 c6 25. Qf2 Bb6 26. Qf5 e3 27. h4 e2 28. Re1 cxd5 29. Qxd5 Qc6 30. Qxc6 bxc6 31. Rxe2 Ne5 32. c5 Bxc5 1/2-1/2

[Event "Mittelfranken-chTB2a 1516"]
[Site "Mittelfranken"]
[Date "2016.02.14"]
[Round "6.3"]
[White "Muskat, Gunter"]
[Black "Leising, Thomas"]
[Result "1-0"]
[WhiteElo "1907"]
[BlackElo "1927"]
[PlyCount "75"]
[EventDate "2015.10.18"]
[EventType "team-tourn"]
[EventRounds "9"]
[EventCountry "GER"]
[SourceTitle "EXT 2020"]
[Source "ChessBase"]
[SourceDate "2019.10.17"]
[SourceVersion "1"]
[SourceVersionDate "2019.10.17"]
[SourceQuality "1"]
[WhiteTeam "Buechenbach/Roth II"]
[BlackTeam "Nuernberg SK 1911"]
[WhiteTeamCountry "GER"]
[BlackTeamCountry "GER"]

1. c4 Nf6 2. g3 g6 3. Bg2 Bg7 4. Nc3 0-0 5. e4 d6 6. Nge2 c6 7. 0-0 Nbd7 8. d3 Qc7 9. h3 b6 10. Be3 Bb7 11. Qd2 Rfe8 12. f4 e5 13. f5 Nc5 14. b4 Na6 15. b5 Nc5 16. bxc6 Bxc6 17. g4 a6 18. Bg5 Nfd7 19. Bh6 Bh8 20. Rf2 Re7 21. Raf1 f6 22. fxg6 hxg6 23. g5 Rf7 24. Ng3 Ne6 25. Nce2 Qd8 26. h4 Rh7 27. Bh3 Qe7 28. Bxe6+ Qxe6 29. h5 Kf7 30. hxg6+ Kxg6 31. Nf5 Rg8 32. Rg2 Kf7 33. Qb4 a5 34. Qd2 Nf8 35. Qe3 b5 36. Qa7+ Ke8 37. Qb8+ Kd7 38. cxb5 1-0

[Event "Mittelfranken-chTB1 1314"]
[Site "Mittelfranken"]
[Date "2014.03.09"]
[Round "7.6"]
[White "Vogt, Peter"]
[Black "Leising, Thomas"]
[Result "0-1"]
[WhiteElo "1828"]
[BlackElo "1927"]
[PlyCount "70"]
[EventDate "2013.10.20"]
[EventType "team-tourn"]
[EventRounds "9"]
[EventCountry "GER"]
[SourceTitle "EXT 2020"]
[Source "ChessBase"]
[SourceDate "2019.10.17"]
[SourceVersion "1"]
[SourceVersionDate "2019.10.17"]
[SourceQuality "1"]
[WhiteTeam "Schwanstetten"]
[BlackTeam "Nuernberg SK 1911"]
[WhiteTeamCountry "GER"]
[BlackTeamCountry "GER"]

1. e4 e6 2. c4 d5 3. cxd5 exd5 4. Qb3 dxe4 5. Bc4 Qd7 6. Nc3 Nf6 7. d3 Nc6 8. Bb5 a6 9. Qa4 exd3 10. Be3 Be7 11. 0-0-0 0-0 12. Bxd3 Qg4 13. Qb3 Qb4 14. Qc2 Ne5 15. Nge2 Nxd3+ 16. Qxd3 Be6 17. Nd4 Rfd8 18. Qc2 Ng4 19. Nxe6 Nxe3 20. fxe3 fxe6 21. a3 Qb6 22. e4 Bf6 23. Na4 Qb5 24. Nc5 Bxb2+ 25. Qxb2 Qxc5+ 26. Kb1 Qb5 27. Rc1 Qxb2+ 28. Kxb2 Rd2+ 29. Kb3 c6 30. Rhf1 Rad8 31. Rf4 Rf8 32. Rg4 Rff2 33. Rg1 c5 34. h4 b5 35. h5 Rd3# 0-1

[Event "Mittelfranken-chTB1 1314"]
[Site "Mittelfranken"]
[Date "2014.02.16"]
[Round "6.6"]
[White "Leising, Thomas"]
[Black "Stolpynskyy, Mark"]
[Result "1-0"]
[WhiteElo "1927"]
[BlackElo "1965"]
[PlyCount "73"]
[EventDate "2013.10.20"]
[EventType "team-tourn"]
[EventRounds "9"]
[EventCountry "GER"]
[SourceTitle "EXT 2020"]
[Source "ChessBase"]
[SourceDate "2019.10.17"]
[SourceVersion "1"]
[SourceVersionDate "2019.10.17"]
[SourceQuality "1"]
[WhiteTeam "Nuernberg SK 1911"]
[BlackTeam "Nuernberg Sued SW III"]
[WhiteTeamCountry "GER"]
[BlackTeamCountry "GER"]

1. d4 d5 2. Nf3 Nf6 3. e3 Bf5 4. c4 c6 5. Nc3 e6 6. a3 Nbd7 7. b3 h6 8. Bb2 Be7 9. Bd3 Bxd3 10. Qxd3 0-0 11. 0-0 Bd6 12. Rfd1 Rc8 13. Rac1 a5 14. c5 Bc7 15. Ne2 Ne4 16. b4 axb4 17. axb4 g5 18. Ne5 Nxe5 19. dxe5 g4 20. Ng3 Nxg3 21. hxg3 Qg5 22. Qd4 f6 23. exf6 e5 24. Qd2 Qxf6 25. Qe2 h5 26. Rc2 Qg5 27. Bc1 e4 28. Bb2 Rf7 29. b5 Rcf8 30. bxc6 bxc6 31. Qa6 h4 32. Qxc6 hxg3 33. Rxd5 gxf2+ 34. Kf1 Rf5 35. Rxf5 Rxf5 36. Qxc7 g3 37. Rd2 1-0

[Event "Mittelfranken-chTB1 1213"]
[Site "Germany"]
[Date "2013.03.10"]
[Round "8.5"]
[White "Leising, Thomas"]
[Black "Grimm, Pascal"]
[Result "1/2-1/2"]
[WhiteElo "1948"]
[BlackElo "1898"]
[PlyCount "52"]
[EventDate "2012.10.07"]
[EventType "team-tourn"]
[EventRounds "9"]
[EventCountry "GER"]
[SourceTitle "EXT 2019"]
[Source "ChessBase"]
[SourceDate "2018.10.10"]
[SourceVersion "1"]
[SourceVersionDate "2018.10.10"]
[SourceQuality "1"]
[WhiteTeam "Nuernberg SK 1911"]
[BlackTeam "Postbauer Heng"]
[WhiteTeamCountry "GER"]
[BlackTeamCountry "GER"]

1. e4 c5 2. Nf3 Nc6 3. d4 cxd4 4. Nxd4 g6 5. c4 Bg7 6. Be3 Nf6 7. Nc3 d6 8. Be2 0-0 9. 0-0 Bd7 10. Rc1 a5 11. Ndb5 Nb8 12. f3 Bc6 13. e5 Ne8 14. exd6 Nxd6 15. Nxd6 exd6 16. Qd2 Re8 17. Rfe1 Nd7 18. Bf2 Nf6 19. Rcd1 Re6 20. b3 Qc7 21. Bg3 Rd8 22. c5 Bf8 23. Bc4 Rxe1+ 24. Rxe1 Nh5 25. Bxd6 Bxd6 26. cxd6 Rxd6 1/2-1/2

[Event "Mittelfranken-chTB1 1213"]
[Site "Germany"]
[Date "2013.01.27"]
[Round "1.5"]
[White "Leising, Thomas"]
[Black "Braun, Michael1"]
[Result "0-1"]
[WhiteElo "1948"]
[BlackElo "1942"]
[PlyCount "84"]
[EventDate "2012.10.07"]
[EventType "team-tourn"]
[EventRounds "9"]
[EventCountry "GER"]
[SourceTitle "EXT 2019"]
[Source "ChessBase"]
[SourceDate "2018.10.10"]
[SourceVersion "1"]
[SourceVersionDate "2018.10.10"]
[SourceQuality "1"]
[WhiteTeam "Nuernberg SK 1911"]
[BlackTeam "Buechenbach/Roth"]
[WhiteTeamCountry "GER"]
[BlackTeamCountry "GER"]

1. d4 d5 2. Nf3 Nf6 3. e3 e6 4. Bd3 Bd6 5. 0-0 b6 6. Qe2 c5 7. b3 Bb7 8. Bb2 0-0 9. Nbd2 Nc6 10. Ne5 Nb4 11. f4 Rc8 12. Rfc1 Nxd3 13. cxd3 Ba6 14. Ndf3 Qe7 15. Rc2 cxd4 16. Nxd4 Ne4 17. Nec6 Qd7 18. b4 Nf6 19. a4 Bb7 20. Rac1 a6 21. b5 axb5 22. axb5 Ra8 23. Ne5 Qe8 24. Ndc6 Nd7 25. Bd4 Nc5 26. Bxc5 bxc5 27. d4 c4 28. Ra2 f6 29. Nxc4 dxc4 30. Qxc4 Rxa2 31. Qxa2 Qf7 32. Qd2 f5 33. Ne5 Bxe5 34. dxe5 Bd5 35. b6 Qb7 36. Qb2 Rb8 37. Rc7 Qa6 38. Qc3 Qxb6 39. Rc8+ Rxc8 40. Qxc8+ Kf7 41. Qd7+ Kg6 42. Qe8+ Kh6 0-1

[Event "Mittelfranken-chTB1 1213"]
[Site "Germany"]
[Date "2012.12.17"]
[Round "5.5"]
[White "Vogt, Peter"]
[Black "Leising, Thomas"]
[Result "1/2-1/2"]
[WhiteElo "1885"]
[BlackElo "1948"]
[PlyCount "42"]
[EventDate "2012.10.07"]
[EventType "team-tourn"]
[EventRounds "9"]
[EventCountry "GER"]
[SourceTitle "EXT 2019"]
[Source "ChessBase"]
[SourceDate "2018.10.10"]
[SourceVersion "1"]
[SourceVersionDate "2018.10.10"]
[SourceQuality "1"]
[WhiteTeam "Schwanstetten"]
[BlackTeam "Nuernberg SK 1911"]
[WhiteTeamCountry "GER"]
[BlackTeamCountry "GER"]

1. e4 c5 2. Nf3 d6 3. d4 cxd4 4. Nxd4 Nf6 5. Nc3 Nc6 6. Bg5 e6 7. Qd2 a6 8. 0-0-0 h6 9. Bxf6 Qxf6 10. Nxc6 bxc6 11. f4 Be7 12. h4 h5 13. Be2 g6 14. Bf3 e5 15. f5 Bb7 16. Rdf1 Qg7 17. Kb1 gxf5 18. exf5 d5 19. Qf2 Bd8 20. Qc5 Qf8 21. Qe3 f6 1/2-1/2

[Event "Mittelfranken-chTB1 1112"]
[Site "Germany"]
[Date "2012.03.11"]
[Round "8.8"]
[White "Leising, Thomas"]
[Black "Ceglar, Michael"]
[Result "1/2-1/2"]
[WhiteElo "1948"]
[BlackElo "1850"]
[PlyCount "22"]
[EventDate "2011.09.25"]
[EventType "team-tourn"]
[EventRounds "9"]
[EventCountry "GER"]
[SourceTitle "EXT 2018"]
[Source "ChessBase"]
[SourceDate "2017.10.13"]
[SourceVersion "1"]
[SourceVersionDate "2017.10.13"]
[SourceQuality "1"]
[WhiteTeam "Nuernberg SK 1911"]
[BlackTeam "Postbauer Heng"]
[WhiteTeamCountry "GER"]
[BlackTeamCountry "GER"]

1. d4 d5 2. Nf3 Nf6 3. e3 e6 4. Bd3 c5 5. c3 Nc6 6. 0-0 Bd6 7. Nbd2 0-0 8. dxc5 Bxc5 9. e4 e5 10. exd5 Qxd5 11. Qc2 h6 1/2-1/2

[Event "Mittelfranken-chTB1 1011"]
[Site "Germany"]
[Date "2011.03.13"]
[Round "7.6"]
[White "Auer, Guenther"]
[Black "Leising, Thomas"]
[Result "1/2-1/2"]
[WhiteElo "2020"]
[BlackElo "1915"]
[PlyCount "34"]
[EventDate "2010.09.26"]
[EventType "team-tourn"]
[EventRounds "9"]
[EventCountry "GER"]
[SourceTitle "EXT 2012"]
[Source "ChessBase"]
[SourceDate "2011.11.24"]
[SourceVersion "1"]
[SourceVersionDate "2011.11.24"]
[SourceQuality "1"]
[WhiteTeam "Altensittenbach"]
[BlackTeam "Nuernberg SK 1911"]
[WhiteTeamCountry "GER"]
[BlackTeamCountry "GER"]

1. d4 Nf6 2. Nf3 d5 3. e3 e6 4. Bd3 Be7 5. 0-0 b6 6. Nbd2 Bb7 7. Ne5 0-0 8. b3 Nbd7 9. Ndf3 c5 10. Bb2 Rc8 11. Nxd7 Nxd7 12. c4 dxc4 13. bxc4 Bf6 14. Qe2 Re8 15. Rfd1 Qe7 16. Nd2 e5 17. dxe5 Bxe5 1/2-1/2

[Event "Mittelfranken-chTB1 1011"]
[Site "Germany"]
[Date "2011.01.23"]
[Round "5.7"]
[White "Leising, Thomas"]
[Black "Frank, Werner1"]
[Result "1-0"]
[WhiteElo "1915"]
[BlackElo "1866"]
[PlyCount "55"]
[EventDate "2010.09.26"]
[EventType "team-tourn"]
[EventRounds "9"]
[EventCountry "GER"]
[SourceTitle "EXT 2012"]
[Source "ChessBase"]
[SourceDate "2011.11.24"]
[SourceVersion "1"]
[SourceVersionDate "2011.11.24"]
[SourceQuality "1"]
[WhiteTeam "Nuernberg SK 1911"]
[BlackTeam "Heilsbronn"]
[WhiteTeamCountry "GER"]
[BlackTeamCountry "GER"]

1. e4 e5 2. Nf3 d6 3. d4 f5 4. exf5 e4 5. Ng5 Nf6 6. Nc3 d5 7. f3 h6 8. Ne6 Bxe6 9. fxe6 Qe7 10. fxe4 dxe4 11. Bc4 Qb4 12. Bb5+ c6 13. Be2 Bd6 14. 0-0 Na6 15. Bh5+ Kd8 16. Bf7 Nc7 17. a3 Qa5 18. Qe2 Qb6 19. Rd1 Ncd5 20. Nxe4 Kc7 21. Nxd6 Kxd6 22. c4 Qa6 23. Qe5+ Ke7 24. cxd5 Nxd5 25. Qxg7 Kd6 26. Qg3+ Ke7 27. Qh4+ Kd6 28. Bf4+ 1-0

[Event "Mittelfranken-chTB1 0910"]
[Site "Mittelfranken"]
[Date "2010.02.21"]
[Round "7.7"]
[White "Leising, Thomas"]
[Black "Hoffmann, Ayar"]
[Result "1/2-1/2"]
[WhiteElo "1884"]
[BlackElo "1840"]
[PlyCount "55"]
[EventDate "2009.10.11"]
[EventType "team-tourn"]
[EventRounds "9"]
[EventCountry "GER"]
[SourceTitle "EXT 2011"]
[Source "ChessBase"]
[SourceDate "2010.11.26"]
[SourceVersion "1"]
[SourceVersionDate "2010.11.26"]
[SourceQuality "1"]
[WhiteTeam "Nuernberg SK 1911"]
[BlackTeam "Postbauer Heng"]
[WhiteTeamCountry "GER"]
[BlackTeamCountry "GER"]

1. d4 d5 2. Nf3 Nf6 3. e3 e6 4. Bd3 Bd6 5. Nbd2 Nbd7 6. 0-0 c6 7. Re1 0-0 8. e4 dxe4 9. Nxe4 Nxe4 10. Rxe4 Be7 11. c3 Re8 12. Ne5 Nf8 13. Qh5 g6 14. Qf3 f6 15. Ng4 f5 16. Nh6+ Kg7 17. Rg4 Bf6 18. Rg3 Qd5 19. Qe3 Bd7 20. b3 e5 21. Nxf5+ Bxf5 22. Qh6+ Kh8 23. Bxf5 exd4 24. Bd3 Re1+ 25. Bf1 dxc3 26. Bb2 Rxa1 27. Bxa1 Qc5 28. Qc1 1/2-1/2